000
00274nam a22001217a 4500
008
171124b xxu||||| |||| 00| 0 eng d
041
_a
eng
080
_a
82
100
_a
21
101
_a
GJL
245
_a
THE IDE OF EQUALITY AN ANTHOLOGY
_c
ABERNETHY,G.L
942
_2
udc
_c
BK
999
_c
38489
_d
38489